logo

Bir Sreshtho Munshi Abdur Rouf Library
Jhenaidah Cadet College

English for the teacher : (Record no. 7662)

MARC details
000 -LEADER
fixed length control field 01493cam a2200457 a 4500
001 - CONTROL NUMBER
JCCL Control Number 7662
003 - CONTROL NUMBER IDENTIFIER
JCCL marc code BD-JhCC
005 - DATE AND TIME OF LATEST TRANSACTION
control field 20191214134152.0
008 - FIXED-LENGTH DATA ELEMENTS--GENERAL INFORMATION
fixed length control field 020607s1994 enka 000 0 eng d
020 ## - INTERNATIONAL STANDARD BOOK NUMBER
International Standard Book Number 9780521426763
020 ## - INTERNATIONAL STANDARD BOOK NUMBER
International Standard Book Number 0521426766
020 ## - INTERNATIONAL STANDARD BOOK NUMBER
International Standard Book Number 9780521426770
020 ## - INTERNATIONAL STANDARD BOOK NUMBER
International Standard Book Number 0521426774
020 ## - INTERNATIONAL STANDARD BOOK NUMBER
International Standard Book Number 9780521154970
020 ## - INTERNATIONAL STANDARD BOOK NUMBER
International Standard Book Number 0521154979
020 ## - INTERNATIONAL STANDARD BOOK NUMBER
International Standard Book Number 9780521586511
020 ## - INTERNATIONAL STANDARD BOOK NUMBER
International Standard Book Number 0521586518
029 ## - (OCLC)
OCLC library identifier R9442
035 ## - SYSTEM CONTROL NUMBER
system control number CURL 018989588685(Cam) from wk442982
035 ## - SYSTEM CONTROL NUMBER
system control number (UkOxU)UkOxUb11092511
035 ## - SYSTEM CONTROL NUMBER
system control number (BD-JhCC)7662
035 ## - SYSTEM CONTROL NUMBER
system control number 1319344
040 ## - CATALOGING SOURCE
Original cataloging agency BD-JhCC
Modifying agency BD-JhCC
041 ## - LANGUAGE CODE
Language code of Book eng
082 ## - DEWEY DECIMAL CLASSIFICATION NUMBER
Author mark and Year SPR 1994
Classification number 428.007
100 1# - MAIN ENTRY--PERSONAL NAME
Personal name Spratt, Mary.
245 10 - TITLE STATEMENT
Title English for the teacher :
Remainder of title a language development course /
Statement of responsibility, etc Mary Spratt.
260 ## - PUBLICATION, DISTRIBUTION, ETC. (IMPRINT)
Place of publication, distribution, etc Cambridge :
Name of publisher, distributor, etc Cambridge University Press,
Date of publication, distribution, etc 1994.
300 ## - PHYSICAL DESCRIPTION
Pagination xi, 158 p. :
Other physical details ill. ;
Dimensions 25 cm. +
Accompanying material 2 sound discs (digital, stereo. ; 4.75 in.).
490 1# - SERIES STATEMENT
Series statement Cambridge teacher training and development
500 ## - GENERAL NOTE
General note Low price edition published: 1996.
500 ## - GENERAL NOTE
General note Audio transferred to CD 2010.
505 1# - FORMATTED CONTENTS NOTE
Formatted contents note Book -- Low price edition -- Audio CD[s] (set of 2 sound discs).
650 #0 - SUBJECT ADDED ENTRY--TOPICAL TERM
Topical term or geographic name as entry element English language
General subdivision Study and teaching
-- Foreign speakers.
650 #0 - SUBJECT ADDED ENTRY--TOPICAL TERM
Topical term or geographic name as entry element English language
Form subdivision Textbooks for foreign speakers.
650 #0 - SUBJECT ADDED ENTRY--TOPICAL TERM
Topical term or geographic name as entry element English teachers
General subdivision Training of.
650 #0 - SUBJECT ADDED ENTRY--TOPICAL TERM
Topical term or geographic name as entry element Teachers, Foreign.
830 #0 - SERIES ADDED ENTRY--UNIFORM TITLE
Uniform title Cambridge teacher training and development.
942 ## - ADDED ENTRY ELEMENTS (KOHA)
Source of classification or shelving scheme Dewey Decimal Classification
Koha item type Books
Holdings
Source of classification or shelving scheme Damaged status Not for loan Home library Current library Shelving location Total Checkouts Full call number Barcode Date last seen Copy number Koha item type
Dewey Decimal Classification     JCC Rouf Library JCC Rouf Library General Stacks   428.007 SPR 1994 1118 02/12/2018 C - 1 Books

JCC Library | Contacts | JCC Home

Last Update on 23 September 2017
Copyright @ 2017-2020 JCC Rouf Library
Rouf Library, Jhenidah Cadet College (JCC), Bangladesh